Exploring Washington's past : (Record no. 693)

MARC details
000 -LEADER
fixed length control field 00947cam a2200289 a 4500
005 - DATE AND TIME OF LATEST TRANSACTION
control field 20260322212030.0
008 - FIXED-LENGTH DATA ELEMENTS--GENERAL INFORMATION
fixed length control field data
010 ## - LIBRARY OF CONGRESS CONTROL NUMBER
LC control number 95041635
020 ## - INTERNATIONAL STANDARD BOOK NUMBER
International Standard Book Number 0295974435 (alk. paper)
020 ## - INTERNATIONAL STANDARD BOOK NUMBER
International Standard Book Number 9780295974439 (alk. paper)
040 ## - CATALOGING SOURCE
Original cataloging agency DLC
Transcribing agency DLC
Modifying agency DLC
043 ## - GEOGRAPHIC AREA CODE
Geographic area code n-us-wa
050 00 - LIBRARY OF CONGRESS CALL NUMBER
Classification number F889.3
Item number .K56 1995
082 00 - DEWEY DECIMAL CLASSIFICATION NUMBER
Classification number 917.9704/43
Edition information 20
092 ## - LOCALLY ASSIGNED DEWEY CALL NUMBER (OCLC)
Classification number 917.97 K56 1995
001 - CONTROL NUMBER
control field data
100 1# - MAIN ENTRY--PERSONAL NAME
Personal name Kirk, Ruth.
245 10 - TITLE STATEMENT
Title Exploring Washington's past :
Remainder of title a road guide to history /
Statement of responsibility, etc. Ruth Kirk & Carmela Alexander.
250 ## - EDITION STATEMENT
Edition statement Rev. ed.
260 ## - PUBLICATION, DISTRIBUTION, ETC.
Place of publication, distribution, etc. Seattle :
Name of publisher, distributor, etc. University of Washington Press,
Date of publication, distribution, etc. c1995.
300 ## - PHYSICAL DESCRIPTION
Extent xiii, 543 p. :
Other physical details ill., maps (some col.) ;
Dimensions 26 cm.
504 ## - BIBLIOGRAPHY, ETC. NOTE
Bibliography, etc. note Includes bibliographical references (p. 516-522) and index.
650 #0 - SUBJECT ADDED ENTRY--TOPICAL TERM
Topical term or geographic name entry element Automobile travel
Geographic subdivision Washington (State)
General subdivision Guidebooks.
651 #0 - SUBJECT ADDED ENTRY--GEOGRAPHIC NAME
Geographic name Washington (State)
General subdivision Guidebooks.
651 #0 - SUBJECT ADDED ENTRY--GEOGRAPHIC NAME
Geographic name Washington (State)
General subdivision History, Local.
700 1# - ADDED ENTRY--PERSONAL NAME
Personal name Alexander, Carmela.
Holdings
Withdrawn status Lost status Damaged status Not for loan Home library Current library Shelving location Date acquired Total checkouts Full call number Barcode Date last seen Price effective from Koha item type
        Centerville Centerville General stacks 22/03/2026   917.9704/43 20 BC0010710 22/03/2026 22/03/2026 Books